000 00558nam a2200193 a 4500
001 7533
003 CO-ViMGA
008 141112s2004 ck r 000 u spa d
020 _a8489218005
040 _aCO-ViMGA
_bspa
_cCO-ViMGA
082 0 4 _a327.09 T367
245 1 0 _aTeoria y práctica de la Política exterior Latinoaméricana
260 _aBogotá :
_bCerec,
_c1983
300 _a559 po
490 _aPolítica internacional, 1
650 1 4 _aPolítica EXTERIOR Latinoaméricana
_96858
650 1 4 _aRELACIONES INTERNACIONALES
_951501
942 _2ddc
_cBK
999 _c19480
_d19480